000 01057nam a22003017a 4500
001 4414
003 FISKH
005 20240905093844.0
008 240821b cb ||||| |||| 00| 0 eng d
020 _a9780545311939
040 _aFISKH
_beng
_cFISKH
_dFISKH
050 _aPZ7.G84568
082 _2813.6
100 _aGreenhut, Josh
245 _aThe amazing mexican secret /
_cCreated by Jeff Brown; By Josh Greenhut; illustrated Macky Pamintuan
250 _a First Scholastic printing 2010
260 _aNew York :
_bFirst Scholastic,
_c2010.
300 _a89 pages :
_billustrations ;
_c20 cm
501 _aN
520 _aConfident that Stanley can succeed where international spies and thieves have failed, Stanley's mom who loves to cook mails him to Mexico to get a secret herbal ingredient that she must have.
521 8 _a580L
_bLexile
521 8 _aN
_bRaz-Plus
600 _aMystery
_qTravel
_tAdventure
600 _2Fantasy
_dNovel
_tFunny
700 _aPamintuan, Macky
_eillustrator
942 _2ddc
_cBK
_n0
999 _c4414
_d4414